[Event "NB2 Breyer csoport"]
[Site "Torokbalint,"]
[Date "2024.12.01"]
[Round "3.1"]
[White "Tomosvary, Attila"]
[Black "Mullner, Imre"]
[Result "1-0"]
[WhiteElo "2133"]
[BlackElo "2047"]
[PlyCount "99"]
[GameId "2119387245849011"]
[EventDate "2024.11.03"]
[EventType "team-tourn"]
[EventRounds "9"]
[EventCountry "HUN"]
[Source "chess.hu"]
[WhiteTeam "Vizugyi SC"]
[BlackTeam "Torokbalinti Sakk SE"]
[WhiteTeamCountry "HUN"]
[BlackTeamCountry "HUN"]

1. e4 c5 2. Nc3 Nc6 3. f4 g6 4. Nf3 Bg7 5. Bb5 Nd4 6. O-O Nxb5 7. Nxb5 d6 8. c4 a5 9. Nc3 e6 10. d3 Ne7 11. Be3 O-O 12. d4 cxd4 13. Bxd4 Nc6 14. Bxg7 Kxg7 15. Qd2 Qc7 16. Rad1 Rd8 17. Nd4 Qb6 18. Qf2 Nxd4 19. Qxd4+ Qxd4+ 20. Rxd4 b5 21. c5 d5 22. exd5 exd5 23. Rxd5 Rxd5 24. Nxd5 Bb7 25. Ne3 Re8 26. Kf2 Re4 27. g3 Rd4 28. Rd1 Rxd1 29. Nxd1 Kf6 30. Ke3 Ke6 31. Kd4 f5 32. b4 Bc6 33. Nf2 Bd5 34. a3 Bc4 35. Nd1 Be2 36. Nc3 Bf3 37. a4 Bc6 38. axb5 axb4 39. Na2 Bg2 40. Nc1 Bd5 41. Nd3 Be4 42. Ne5 Bg2 43. h4 Be4 44. g4 Bg2 45. g5 Bh1 46. c6 Kd6 47. c7 Kxc7 48. Kc5 Bg2 49. Nf7 Kd7 50. Nd6 1-0

[Event "NB2 Breyer csoport"]
[Site "Torokbalint,"]
[Date "2024.12.01"]
[Round "3.2"]
[White "Bereczki, Istvan"]
[Black "Mika, Janos"]
[Result "1-0"]
[WhiteElo "2027"]
[BlackElo "2091"]
[PlyCount "105"]
[GameId "2119387282856387"]
[EventDate "2024.11.03"]
[EventType "team-tourn"]
[EventRounds "9"]
[EventCountry "HUN"]
[Source "chess.hu"]
[WhiteTeam "Torokbalinti Sakk SE"]
[BlackTeam "Vizugyi SC"]
[WhiteTeamCountry "HUN"]
[BlackTeamCountry "HUN"]

1. d4 d6 2. Nf3 Bg4 3. e3 Nd7 4. Be2 e5 5. O-O c6 6. b3 Ngf6 7. h3 Bh5 8. Bb2 e4 9. Nfd2 Bxe2 10. Qxe2 d5 11. c4 Bd6 12. Ba3 Bxa3 13. Nxa3 Qa5 14. Nc2 b5 15. a4 bxc4 16. bxc4 Rb8 17. c5 Rb2 18. Rfc1 O-O 19. Nb1 Rfb8 20. Qd1 Qa6 21. Nc3 Qd3 22. Qxd3 exd3 23. Na3 Ne4 24. Nxe4 dxe4 25. Nc4 Rc2 26. Rxc2 dxc2 27. Na3 Rb2 28. Rc1 Ra2 29. Nxc2 Rxa4 30. Rb1 f5 31. Rb7 Nf6 32. Nb4 Ra1+ 33. Kh2 Rb1 34. Rb8+ Kf7 35. Nxc6 Rxb8 36. Nxb8 a5 37. Nc6 a4 38. Nb4 Ke6 39. Kg1 a3 40. Kf1 Nd5 41. Na2 f4 42. Ke2 fxe3 43. fxe3 Kd7 44. Kd2 Kc6 45. g4 g5 46. Nc3 Nb4 47. Kc1 a2 48. Kb2 Nc2 49. Nxa2 Nxe3 50. Kc3 Nd5+ 51. Kd2 Nf4 52. Ke3 Nxh3 53. Nb4+ 1-0

[Event "NB2 Breyer csoport"]
[Site "Torokbalint,"]
[Date "2024.12.01"]
[Round "3.3"]
[White "Budai, Akos"]
[Black "Sallai, Kalman"]
[Result "0-1"]
[WhiteElo "1971"]
[BlackElo "1951"]
[PlyCount "76"]
[GameId "2119387316431315"]
[EventDate "2024.11.03"]
[EventType "team-tourn"]
[EventRounds "9"]
[EventCountry "HUN"]
[Source "chess.hu"]
[WhiteTeam "Vizugyi SC"]
[BlackTeam "Torokbalinti Sakk SE"]
[WhiteTeamCountry "HUN"]
[BlackTeamCountry "HUN"]

1. d4 d5 2. c4 e6 3. Nc3 Nf6 4. Bg5 Be7 5. e3 Nbd7 6. Nf3 c6 7. Rc1 O-O 8. Bd3 a6 9. c5 e5 10. dxe5 Ne8 11. h4 Nxc5 12. Bb1 Ne6 13. Bxh7+ Kxh7 14. Bxe7 Qxe7 15. Ng5+ Kh6 16. f4 f5 17. Ne2 Nf6 18. exf6 gxf6 19. Ng3 Ng7 20. Qd4 Bd7 21. Nf3 Rae8 22. Kf2 Nh5 23. Nxh5 Kxh5 24. Qc5 Qg7 25. Rcg1 Re4 26. Nd2 Re7 27. Rh3 Rfe8 28. Rg3 Qf8 29. Rc1 Qh8 30. a4 Rg7 31. Rxg7 Qxg7 32. Qc2 Rg8 33. Qd1+ Kh6 34. Qf3 Be8 35. Qh3 Bh5 36. Nf3 Bg4 37. Qh2 Qe7 38. Nd4 Qb4 0-1

[Event "NB2 Breyer csoport"]
[Site "Torokbalint,"]
[Date "2024.12.01"]
[Round "3.4"]
[White "Kazinczy, Jeno"]
[Black "Balint, Laszlo Dr."]
[Result "1/2-1/2"]
[WhiteElo "1880"]
[BlackElo "1936"]
[PlyCount "57"]
[GameId "2119387352824291"]
[EventDate "2024.11.03"]
[EventType "team-tourn"]
[EventRounds "9"]
[EventCountry "HUN"]
[Source "chess.hu"]
[WhiteTeam "Torokbalinti Sakk SE"]
[BlackTeam "Vizugyi SC"]
[WhiteTeamCountry "HUN"]
[BlackTeamCountry "HUN"]

1. e4 c6 2. d4 d5 3. exd5 cxd5 4. Bd3 Nf6 5. Bf4 Nc6 6. c3 g6 7. Nf3 Bg7 8. O-O O-O 9. Re1 Bf5 10. Bxf5 gxf5 11. Ne5 e6 12. Nd2 Nxe5 13. Bxe5 Ne4 14. Bxg7 Kxg7 15. Re3 Nxd2 16. Qxd2 Qf6 17. Rae1 Rg8 18. Rh3 Kh8 19. Qf4 Qg5 20. Qf3 Qg4 21. Kf1 Qxf3 22. Rxf3 b5 23. g3 Rac8 24. Rc1 b4 25. Ke2 Rc7 26. Kd3 Rgc8 27. Re3 Kg7 28. f4 h5 29. Re2 1/2-1/2

[Event "NB2 Breyer csoport"]
[Site "Torokbalint,"]
[Date "2024.12.01"]
[Round "3.5"]
[White "Makay, Andor Dr."]
[Black "Hajdu, Roland"]
[Result "0-1"]
[WhiteElo "1762"]
[BlackElo "1853"]
[PlyCount "62"]
[GameId "2119387388471795"]
[EventDate "2024.11.03"]
[EventType "team-tourn"]
[EventRounds "9"]
[EventCountry "HUN"]
[Source "chess.hu"]
[WhiteTeam "Vizugyi SC"]
[BlackTeam "Torokbalinti Sakk SE"]
[WhiteTeamCountry "HUN"]
[BlackTeamCountry "HUN"]

1. c4 e6 2. Nc3 Nf6 3. e4 d5 4. e5 Nfd7 5. Nf3 Nb6 6. cxd5 Nxd5 7. Nxd5 Qxd5 8. d4 Nc6 9. Be2 Bb4+ 10. Kf1 O-O 11. a3 Ba5 12. b4 Bb6 13. Be3 Rd8 14. Qc2 Ne7 15. Rd1 Nf5 16. Bc4 Qd7 17. Qe4 Nxe3+ 18. fxe3 Qc6 19. Qd3 Qd7 20. Ng5 g6 21. Ne4 Kg7 22. h3 Qe7 23. Kg1 Bd7 24. Kh2 Bc6 25. Nf6 a6 26. Rhf1 Ba4 27. Rde1 c5 28. Rf4 cxb4 29. axb4 Bc7 30. Qa3 b5 31. Bd3 Qxf6 0-1

[Event "NB2 Breyer csoport"]
[Site "Torokbalint,"]
[Date "2024.12.01"]
[Round "3.6"]
[White "Nagy, Botond"]
[Black "Ramadan, Erik"]
[Result "0-1"]
[WhiteElo "1833"]
[BlackElo "1716"]
[PlyCount "62"]
[GameId "2119387434441219"]
[EventDate "2024.11.03"]
[EventType "team-tourn"]
[EventRounds "9"]
[EventCountry "HUN"]
[Source "chess.hu"]
[WhiteTeam "Torokbalinti Sakk SE"]
[BlackTeam "Vizugyi SC"]
[WhiteTeamCountry "HUN"]
[BlackTeamCountry "HUN"]

1. e4 c5 2. Nf3 Nc6 3. d4 cxd4 4. Nxd4 Nf6 5. Nc3 d6 6. Be2 g6 7. Be3 Bg7 8. O-O O-O 9. Nb3 Bd7 10. f4 Rc8 11. Bf3 b6 12. Qe2 Ne8 13. Rad1 f5 14. Nd4 Nxd4 15. Bxd4 fxe4 16. Bxe4 Bxd4+ 17. Rxd4 Nf6 18. Bf3 Bc6 19. Bxc6 Rxc6 20. Qe6+ Kg7 21. Re1 Rf7 22. Rd3 a6 23. f5 b5 24. fxg6 hxg6 25. a3 Qb6+ 26. Qe3 Qc7 27. Qg5 Rc5 28. Qg3 Rf5 29. Rd2 Qc5+ 30. Qe3 Rf1+ 31. Kxf1 Ng4+ 0-1

[Event "NB2 Breyer csoport"]
[Site "Torokbalint,"]
[Date "2024.12.01"]
[Round "3.7"]
[White "Kiss, Balazs Dr."]
[Black "Nagy, Levente"]
[Result "0-1"]
[WhiteElo "1846"]
[BlackElo "1811"]
[PlyCount "62"]
[GameId "2119387476347411"]
[EventDate "2024.11.03"]
[EventType "team-tourn"]
[EventRounds "9"]
[EventCountry "HUN"]
[Source "chess.hu"]
[WhiteTeam "Vizugyi SC"]
[BlackTeam "Torokbalinti Sakk SE"]
[WhiteTeamCountry "HUN"]
[BlackTeamCountry "HUN"]

1. e4 c5 2. Nf3 Nc6 3. d4 cxd4 4. Nxd4 Nf6 5. Nc3 d6 6. Be2 g6 7. Be3 Bg7 8. O-O O-O 9. Nb3 Bd7 10. f4 Rc8 11. Bf3 b6 12. Qe2 Ne8 13. Rad1 f5 14. Nd4 Nxd4 15. Bxd4 fxe4 16. Bxe4 Bxd4+ 17. Rxd4 Nf6 18. Bf3 Bc6 19. Bxc6 Rxc6 20. Qe6+ Kg7 21. Re1 Rf7 22. Rd3 a6 23. f5 b5 24. fxg6 hxg6 25. a3 Qb6+ 26. Qe3 Qc7 27. Qg5 Rc5 28. Qg3 Rf5 29. Re2 Qc5+ 30. Qe3 Rf1+ 31. Kxf1 Ng4+ 0-1

[Event "NB2 Breyer csoport"]
[Site "Torokbalint,"]
[Date "2024.12.01"]
[Round "3.8"]
[White "Bilibok, Csaba"]
[Black "D Albini, Geza"]
[Result "1/2-1/2"]
[WhiteElo "1833"]
[BlackElo "1801"]
[PlyCount "70"]
[GameId "2119387510888995"]
[EventDate "2024.11.03"]
[EventType "team-tourn"]
[EventRounds "9"]
[EventCountry "HUN"]
[Source "chess.hu"]
[WhiteTeam "Torokbalinti Sakk SE"]
[BlackTeam "Vizugyi SC"]
[WhiteTeamCountry "HUN"]
[BlackTeamCountry "HUN"]

1. d4 d5 2. c4 e6 3. a3 Nf6 4. Nc3 Be7 5. e3 Nbd7 6. cxd5 exd5 7. Nf3 c6 8. Bd3 O-O 9. Qc2 Re8 10. h3 Nf8 11. Ne5 N6d7 12. O-O f6 13. Nf3 Nb6 14. Qb3 Be6 15. Qc2 Qd7 16. Qe2 Bd6 17. e4 Bf7 18. e5 Bh5 19. g4 Bg6 20. Qc2 fxe5 21. dxe5 Bxd3 22. Qxd3 Bxe5 23. Nxe5 Rxe5 24. f4 Ree8 25. f5 Nc4 26. b3 Ne5 27. Qd4 Qc7 28. Bf4 Qb6 29. Qxb6 axb6 30. Kg2 b5 31. Kg3 Nfd7 32. g5 Nd3 33. Bd2 N3c5 34. f6 gxf6 35. gxf6 Kf7 1/2-1/2

[Event "NB2 Breyer csoport"]
[Site "Torokbalint,"]
[Date "2024.12.01"]
[Round "3.9"]
[White "Marton-John, Almos Kiran"]
[Black "Lengyel, Sandor"]
[Result "1-0"]
[WhiteElo "1866"]
[BlackElo "1835"]
[PlyCount "86"]
[GameId "2119387547286067"]
[EventDate "2024.11.03"]
[EventType "team-tourn"]
[EventRounds "9"]
[EventCountry "HUN"]
[Source "chess.hu"]
[WhiteTeam "Vizugyi SC"]
[BlackTeam "Torokbalinti Sakk SE"]
[WhiteTeamCountry "HUN"]
[BlackTeamCountry "HUN"]

1. e4 Nf6 2. e5 Nd5 3. Nc3 Nxc3 4. bxc3 d6 5. f4 g6 6. d4 Bg7 7. Bd3 O-O 8. Nf3 c5 9. O-O dxe5 10. fxe5 Nc6 11. Be3 Bg4 12. Be4 cxd4 13. cxd4 Qc7 14. Qc1 Rad8 15. c3 f6 16. exf6 exf6 17. Bf4 Qd7 18. Qc2 Be6 19. Rad1 Bd5 20. Bd3 Rc8 21. Qa4 Ne5 22. Qxd7 Nxd7 23. Rc1 Nb6 24. Nd2 Nc4 25. Rb1 g5 26. Bxc4 Bxc4 27. Nxc4 Rxc4 28. Bd6 Rfc8 29. Rxb7 Rxc3 30. Rxa7 Rc1 31. Bc5 Rxf1+ 32. Kxf1 f5 33. Ke2 f4 34. a4 Rd8 35. Kd3 g4 36. Rb7 Ra8 37. Ba7 f3 38. gxf3 gxf3 39. Rb8+ Bf8 40. Rxa8 f2 41. Ke2 h6 42. a5 Kf7 43. a6 Ke6 1-0

[Event "NB2 Breyer csoport"]
[Site "Szekesfehervar"]
[Date "2024.12.15"]
[Round "4.1"]
[White "Dencsi, Tibor"]
[Black "Kiss, Viktor"]
[Result "1/2-1/2"]
[WhiteElo "2262"]
[BlackElo "2192"]
[PlyCount "96"]
[GameId "2123721126687986"]
[EventDate "2024.11.03"]
[EventType "team-tourn"]
[EventRounds "9"]
[EventCountry "HUN"]
[Source "chess.hu"]
[WhiteTeam "Vizugyi SC"]
[BlackTeam "Fehervari SE"]
[WhiteTeamCountry "HUN"]
[BlackTeamCountry "HUN"]

1. Nf3 Nf6 2. c4 g6 3. Nc3 Bg7 4. e4 O-O 5. d4 c5 6. Be2 cxd4 7. Nxd4 d6 8. O-O Nc6 9. Be3 Nxd4 10. Bxd4 b6 11. Qd2 Bb7 12. f3 Re8 13. Rac1 Rc8 14. Rfd1 e6 15. Nb5 a6 16. Nxd6 Qxd6 17. e5 Qe7 18. exf6 Bxf6 19. Bxb6 Bc6 20. b4 Qb7 21. Bc5 Ba4 22. Re1 Red8 23. Qf4 Bb2 24. Rb1 Bc3 25. Rec1 Bd2 26. Qf6 Bxc1 27. Rxc1 Rd2 28. Be3 Qxb4 29. Bh6 Qc5+ 30. Kf1 Qd4 31. Qxd4 Rxd4 32. Be3 Rd6 33. Ke1 e5 34. c5 Rdc6 35. Bc4 Kg7 36. Rb1 a5 37. Rb7 R8c7 38. Rb8 Rxc5 39. Bxc5 Rxc5 40. Bd3 Kf6 41. Rb6+ Rc6 42. Rb7 Ke6 43. Kd2 h6 44. Ra7 Rc5 45. Ra6+ Ke7 46. Ra7+ Ke6 47. Ra6+ Ke7 48. Ra7+ Ke6 1/2-1/2

[Event "NB2 Breyer csoport"]
[Site "Szekesfehervar"]
[Date "2024.12.15"]
[Round "4.2"]
[White "Albrecht, Gabor"]
[Black "Tomosvary, Attila"]
[Result "1/2-1/2"]
[WhiteElo "2133"]
[BlackElo "2133"]
[PlyCount "82"]
[GameId "2123721455211778"]
[EventDate "2024.11.03"]
[EventType "team-tourn"]
[EventRounds "9"]
[EventCountry "HUN"]
[Source "chess.hu"]
[WhiteTeam "Fehervari SE"]
[BlackTeam "Vizugyi SC"]
[WhiteTeamCountry "HUN"]
[BlackTeamCountry "HUN"]

1. e4 c5 2. Nf3 g6 3. c4 Nc6 4. d4 cxd4 5. Nxd4 Nf6 6. Nc3 Nxd4 7. Qxd4 d6 8. Be3 Bg7 9. f3 O-O 10. Qd2 a5 11. b3 a4 12. b4 a3 13. Rb1 Be6 14. Be2 Qc8 15. Nd5 Nxd5 16. exd5 Bd7 17. O-O e6 18. dxe6 Bxe6 19. Bd4 Bxd4+ 20. Qxd4 Qc7 21. Rfd1 Rfd8 22. Rd2 Rac8 23. Rc1 b5 24. Rdc2 bxc4 25. Bxc4 Bxc4 26. Rxc4 Qb7 27. Qe3 Rxc4 28. Rxc4 d5 29. Rh4 Ra8 30. h3 Qa7 31. Kf2 Qd7 32. Rd4 Re8 33. Qd2 Qa7 34. Kg3 Re2 35. Qxe2 Qxd4 36. Qe8+ Kg7 37. b5 Qb2 38. f4 Qxa2 39. Qe5+ Kg8 40. Qe8+ Kg7 41. Qe5+ Kg8 1/2-1/2

[Event "NB2 Breyer csoport"]
[Site "Szekesfehervar"]
[Date "2024.12.15"]
[Round "4.3"]
[White "Balogh, Zoltan"]
[Black "Papagorasz, Takisz"]
[Result "1/2-1/2"]
[WhiteElo "2057"]
[BlackElo "2133"]
[PlyCount "35"]
[GameId "2123721497244946"]
[EventDate "2024.11.03"]
[EventType "team-tourn"]
[EventRounds "9"]
[EventCountry "HUN"]
[Source "chess.hu"]
[WhiteTeam "Vizugyi SC"]
[BlackTeam "Fehervari SE"]
[WhiteTeamCountry "HUN"]
[BlackTeamCountry "HUN"]

1. e4 e5 2. Bc4 Nf6 3. d3 c6 4. Nf3 d5 5. Bb3 Nbd7 6. exd5 Nxd5 7. O-O Be7 8. Re1 O-O 9. Bxd5 cxd5 10. Nxe5 Nxe5 11. Rxe5 Bf6 12. Re1 Qc7 13. d4 Be6 14. c3 b5 15. Be3 a5 16. Nd2 b4 17. Rc1 Qb7 18. Nb3 1/2-1/2

[Event "NB2 Breyer csoport"]
[Site "Szekesfehervar"]
[Date "2024.12.15"]
[Round "4.4"]
[White "Csire, Bence"]
[Black "Budai, Akos"]
[Result "1/2-1/2"]
[WhiteElo "2119"]
[BlackElo "1971"]
[PlyCount "113"]
[GameId "2123721539564834"]
[EventDate "2024.11.03"]
[EventType "team-tourn"]
[EventRounds "9"]
[EventCountry "HUN"]
[Source "chess.hu"]
[WhiteTeam "Fehervari SE"]
[BlackTeam "Vizugyi SC"]
[WhiteTeamCountry "HUN"]
[BlackTeamCountry "HUN"]

1. e4 c6 2. d4 d5 3. Nc3 dxe4 4. Nxe4 Nf6 5. Nxf6+ exf6 6. Nf3 Bd6 7. Be2 Bg4 8. h3 Bh5 9. Nh4 Bxe2 10. Qxe2+ Qe7 11. Nf5 Qxe2+ 12. Kxe2 Bf8 13. Re1 Na6 14. Kf3+ Kd7 15. Bf4 g6 16. Ng3 f5 17. Be5 Rg8 18. Re2 Be7 19. a3 Rge8 20. Rae1 Bf8 21. b4 b5 22. c4 bxc4 23. Rc1 Nc7 24. Bxc7 Rxe2 25. Nxe2 Kxc7 26. Rxc4 Kb6 27. Nc3 a5 28. d5 axb4 29. Rxc6+ Kb7 30. axb4 Bxb4 31. Ke3 Rd8 32. Kd4 Re8 33. Rf6 Bxc3+ 34. Kxc3 Kc7 35. Kd3 Kd7 36. Rxf7+ Kd6 37. Rxh7 Kxd5 38. Ra7 Ke5 39. g3 Kf6 40. h4 Re1 41. Ra6+ Kg7 42. Kd2 Re8 43. Ra3 Kf6 44. Re3 Ra8 45. Ke2 Ra2+ 46. Kf3 Rb2 47. Ra3 Kg7 48. Ke3 Rb4 49. f3 Kh6 50. Rd3 Ra4 51. Rd4 Ra3+ 52. Kf4 Rb3 53. g4 fxg4 54. Kxg4 Rb1 55. Kf4 Rh1 56. Ke5 Kh5 57. Kf6 1/2-1/2

[Event "NB2 Breyer csoport"]
[Site "Szekesfehervar"]
[Date "2024.12.15"]
[Round "4.5"]
[White "Balint, Laszlo Dr."]
[Black "Fellegi, Zoltan"]
[Result "0-1"]
[WhiteElo "1936"]
[BlackElo "2067"]
[PlyCount "108"]
[GameId "2123721576305970"]
[EventDate "2024.11.03"]
[EventType "team-tourn"]
[EventRounds "9"]
[EventCountry "HUN"]
[Source "chess.hu"]
[WhiteTeam "Vizugyi SC"]
[BlackTeam "Fehervari SE"]
[WhiteTeamCountry "HUN"]
[BlackTeamCountry "HUN"]

1. e4 c5 2. Nf3 d6 3. d4 cxd4 4. Nxd4 Nf6 5. Nc3 a6 6. Be2 e5 7. Nb3 Be7 8. O-O O-O 9. Be3 Be6 10. a4 b6 11. Qd2 Nbd7 12. f4 exf4 13. Rxf4 Ne5 14. Nd4 g6 15. Rd1 Qc7 16. Rdf1 Ne8 17. Nd5 Bxd5 18. exd5 Ng7 19. R4f2 Qd7 20. b3 f5 21. Bh6 Bf6 22. Ne6 Rf7 23. Bxg7 Bxg7 24. g4 fxg4 25. Rxf7 Nxf7 26. Bxg4 Ne5 27. Bh3 Qe7 28. Qf4 h6 29. Qg3 Kh7 30. Kh1 Ra7 31. Qf2 Rb7 32. Qg3 Qe8 33. Qh4 Qe7 34. Qe4 Qe8 35. Rg1 Rf7 36. Rxg6 Nxg6 37. Ng5+ hxg5 38. Qxe8 Ne5 39. Be6 Rf8 40. Qe7 Nf3 41. Bh3 Rf6 42. Qe4+ Kh6 43. Bg4 Nh4 44. Kg1 Rf4 45. Qe6+ Bf6 46. Be2 Kg7 47. c3 Bxc3 48. Qe7+ Kh6 49. Qxd6+ Rf6 50. Qd7 Bd4+ 51. Kh1 Bc5 52. Bd3 Ng6 53. Qe8 g4 54. Bxg6 Rf1+ 0-1

[Event "NB2 Breyer csoport"]
[Site "Szekesfehervar"]
[Date "2024.12.15"]
[Round "4.6"]
[White "Nadi, Ferenc"]
[Black "Russa, Roberto"]
[Result "0-1"]
[WhiteElo "2002"]
[BlackElo "1899"]
[PlyCount "104"]
[GameId "2123721627829570"]
[EventDate "2024.11.03"]
[EventType "team-tourn"]
[EventRounds "9"]
[EventCountry "HUN"]
[Source "chess.hu"]
[WhiteTeam "Fehervari SE"]
[BlackTeam "Vizugyi SC"]
[WhiteTeamCountry "HUN"]
[BlackTeamCountry "HUN"]

1. d4 e6 2. c4 c5 3. d5 exd5 4. cxd5 d6 5. Nc3 g6 6. e4 Bg7 7. Nf3 a6 8. a4 Ne7 9. Be2 O-O 10. O-O f5 11. exf5 Nxf5 12. Bg5 Qc7 13. Qd2 Nd7 14. Rfe1 Ne5 15. Nxe5 Bxe5 16. Bc4 Qg7 17. Rab1 Nd4 18. f4 Bf6 19. Ne4 Bxg5 20. Nxg5 b5 21. axb5 axb5 22. Bd3 Bb7 23. Be4 Ra4 24. g3 h6 25. Nf3 Nxf3+ 26. Bxf3 Qd4+ 27. Qxd4 Rxd4 28. Rbd1 Rxd1 29. Rxd1 g5 30. Be2 gxf4 31. Bxb5 fxg3 32. hxg3 Rf3 33. Rd3 Rxd3 34. Bxd3 Bxd5 35. Kf2 Kf7 36. Ke3 Ke6 37. Kf4 Kf6 38. g4 Bc6 39. Bc2 Bd7 40. Be4 c4 41. Bd5 Be6 42. Be4 d5 43. Bf3 Bf7 44. Be2 Bg6 45. Bf3 Ke6 46. Be2 Kd6 47. Bd1 d4 48. g5 h5 49. Kg3 Ke5 50. Kh4 Kf4 51. b4 cxb3 52. Bxb3 d3 0-1

[Event "NB2 Breyer csoport"]
[Site "Szekesfehervar"]
[Date "2024.12.15"]
[Round "4.7"]
[White "Ramadan, Erik"]
[Black "Grull, Denes"]
[Result "1-0"]
[WhiteElo "1716"]
[BlackElo "1925"]
[PlyCount "37"]
[GameId "2123721665254738"]
[EventDate "2024.11.03"]
[EventType "team-tourn"]
[EventRounds "9"]
[EventCountry "HUN"]
[Source "chess.hu"]
[WhiteTeam "Vizugyi SC"]
[BlackTeam "Fehervari SE"]
[WhiteTeamCountry "HUN"]
[BlackTeamCountry "HUN"]

1. Nf3 Nf6 2. c4 e6 3. g3 b6 4. Bg2 Bb7 5. O-O Be7 6. Nc3 O-O 7. d4 d5 8. b3 Nbd7 9. Bb2 c5 10. e3 Rc8 11. Ne5 Qc7 12. cxd5 exd5 13. Nb5 Qb8 14. Nxd7 Nxd7 15. dxc5 Ba6 16. c6 Bxb5 17. cxd7 Rcd8 18. Qg4 f6 19. Qe6+ 1-0

[Event "NB2 Breyer csoport"]
[Site "Szekesfehervar"]
[Date "2024.12.15"]
[Round "4.8"]
[White "Kecskemeti, Attila"]
[Black "D Albini, Geza"]
[Result "1/2-1/2"]
[WhiteElo "1905"]
[BlackElo "1801"]
[PlyCount "67"]
[GameId "2123721709770082"]
[EventDate "2024.11.03"]
[EventType "team-tourn"]
[EventRounds "9"]
[EventCountry "HUN"]
[Source "chess.hu"]
[WhiteTeam "Fehervari SE"]
[BlackTeam "Vizugyi SC"]
[WhiteTeamCountry "HUN"]
[BlackTeamCountry "HUN"]

1. e4 d6 2. d4 Nf6 3. Nc3 Nbd7 4. Nf3 e5 5. Bc4 h6 6. h3 Be7 7. O-O c6 8. a3 O-O 9. Be3 Qc7 10. dxe5 dxe5 11. Qe2 Bc5 12. Rad1 Bxe3 13. Qxe3 Qb6 14. Qd3 Nc5 15. Qd6 Ncxe4 16. Nxe4 Nxe4 17. Qxe5 Nf6 18. Qe7 Bf5 19. Ne5 Nd5 20. Bxd5 cxd5 21. Rxd5 Be6 22. Rdd1 Qxb2 23. Rfe1 Qxc2 24. Qxb7 Qa4 25. Qb4 Qxb4 26. axb4 a5 27. b5 Rfb8 28. Rb1 Rb6 29. Rec1 a4 30. Nc4 Bxc4 31. Rxc4 a3 32. Rcb4 a2 33. Ra1 Ra5 34. Rb2 1/2-1/2

[Event "NB2 Breyer csoport"]
[Site "Szekesfehervar"]
[Date "2024.12.15"]
[Round "4.9"]
[White "Marton-John, Almos Kiran"]
[Black "Fehervari, Istvan"]
[Result "1-0"]
[WhiteElo "1866"]
[BlackElo "1950"]
[PlyCount "103"]
[GameId "2123721751504242"]
[EventDate "2024.11.03"]
[EventType "team-tourn"]
[EventRounds "9"]
[EventCountry "HUN"]
[Source "chess.hu"]
[WhiteTeam "Vizugyi SC"]
[BlackTeam "Fehervari SE"]
[WhiteTeamCountry "HUN"]
[BlackTeamCountry "HUN"]

1. e4 e5 2. Nf3 Nc6 3. Bc4 Nf6 4. d3 Bc5 5. c3 d6 6. Bb3 h6 7. O-O O-O 8. Nbd2 Be6 9. Bc2 Re8 10. h3 Bb6 11. Re1 Bd7 12. Nf1 Nh5 13. a3 Nf4 14. Bxf4 exf4 15. d4 Qf6 16. Qd3 g6 17. N1d2 a6 18. Nc4 Ba7 19. Rad1 b5 20. Ncd2 Rad8 21. a4 Nb8 22. a5 c5 23. e5 dxe5 24. Ne4 Qg7 25. dxe5 Nc6 26. Nf6+ Kh8 27. Nxe8 Bxe8 28. Qxd8 Nxd8 29. Rxd8 Qf8 30. e6 Kg7 31. exf7 Kxf7 32. Rdxe8 Qd6 33. R8e7+ Qxe7 34. Bxg6+ Kf6 35. Rxe7 Kxe7 36. Be4 b4 37. Bb7 Bb8 38. Bxa6 bxc3 39. bxc3 Bc7 40. Nd2 Bxa5 41. Ne4 Bb6 42. Bc4 Kf8 43. Kf1 Kg7 44. Ke2 Kg6 45. Be6 c4 46. Kf3 Bc7 47. Bxc4 Kf5 48. Bf7 Ke5 49. c4 Kd4 50. c5 Ke5 51. c6 Kf5 52. Nc3 1-0

[Event "NB2 Breyer csoport"]
[Site "Szekesfehervar"]
[Date "2024.12.15"]
[Round "4.10"]
[White "Hortobagyi, Luca"]
[Black "Dobos-Ordas, Ivan"]
[Result "1-0"]
[WhiteElo "1708"]
[BlackElo "1491"]
[PlyCount "77"]
[GameId "2123721789814146"]
[EventDate "2024.11.03"]
[EventType "team-tourn"]
[EventRounds "9"]
[EventCountry "HUN"]
[Source "chess.hu"]
[WhiteTeam "Fehervari SE"]
[BlackTeam "Vizugyi SC"]
[WhiteTeamCountry "HUN"]
[BlackTeamCountry "HUN"]

1. d4 d5 2. Nc3 Nf6 3. Bf4 Bd7 4. e3 e6 5. Nf3 Be7 6. Nb5 Bxb5 7. Bxb5+ c6 8. Bd3 Nbd7 9. c3 b5 10. h3 Ne4 11. O-O O-O 12. Ne5 Nxe5 13. dxe5 Nc5 14. Bc2 Bg5 15. Bxh7+ Kxh7 16. Qh5+ Bh6 17. g4 f6 18. exf6 Qxf6 19. g5 Qf5 20. Qh4 Nd3 21. gxh6 Nxf4 22. hxg7+ Kxg7 23. exf4 Qxf4 24. Qxf4 Rxf4 25. Rae1 Re8 26. Re5 Rh4 27. Kh2 Kf6 28. Rfe1 Rh6 29. f4 Kf7 30. f5 a5 31. Rxe6 Rexe6 32. Rxe6 Rxe6 33. fxe6+ Kxe6 34. Kg3 c5 35. Kf4 b4 36. a4 bxa3 37. bxa3 d4 38. cxd4 cxd4 39. Ke4 1-0

[Event "NB2 Breyer csoport"]
[Site "Naszaly"]
[Date "2024.12.15"]
[Round "4.1"]
[White "Torday, Balazs"]
[Black "Szabo-Toth, Gabor"]
[Result "0-1"]
[WhiteElo "2151"]
[BlackElo "2153"]
[PlyCount "52"]
[GameId "2123682897441050"]
[EventDate "2024.11.03"]
[EventType "team-tourn"]
[EventRounds "9"]
[EventCountry "HUN"]
[Source "chess.hu"]
[WhiteTeam "Torokbalinti Sakk SE"]
[BlackTeam "Geniusz Tata-Naszaly"]
[WhiteTeamCountry "HUN"]
[BlackTeamCountry "HUN"]

1. d4 Nf6 2. c4 g6 3. g3 Bg7 4. Bg2 d5 5. cxd5 Nxd5 6. Nf3 O-O 7. O-O Nc6 8. e3 Bf5 9. Re1 Nb6 10. Nc3 Nb4 11. e4 Bg4 12. a3 Nc6 13. d5 Ne5 14. Qe2 e6 15. Rd1 Qf6 16. Bf4 Nxf3+ 17. Bxf3 Bxf3 18. Qxf3 e5 19. Nb5 exf4 20. Nxc7 Rac8 21. Rac1 fxg3 22. Qxg3 Qxb2 23. f4 Na8 24. d6 Nxc7 25. d7 Rcd8 26. Rxc7 Qb6+ 0-1

[Event "NB2 Breyer csoport"]
[Site "Naszaly"]
[Date "2024.12.15"]
[Round "4.2"]
[White "Sinoros-Szabo, Daniel"]
[Black "Mullner, Imre"]
[Result "1/2-1/2"]
[WhiteElo "2024"]
[BlackElo "2047"]
[PlyCount "111"]
[GameId "2123682942435642"]
[EventDate "2024.11.03"]
[EventType "team-tourn"]
[EventRounds "9"]
[EventCountry "HUN"]
[Source "chess.hu"]
[WhiteTeam "Geniusz Tata-Naszaly"]
[BlackTeam "Torokbalinti Sakk SE"]
[WhiteTeamCountry "HUN"]
[BlackTeamCountry "HUN"]

1. e4 c5 2. Nf3 Nc6 3. d4 cxd4 4. Nxd4 Nf6 5. Nc3 e6 6. Nxc6 bxc6 7. e5 Nd5 8. Ne4 Qc7 9. f4 Qb6 10. c4 Bb4+ 11. Ke2 Ba6 12. Kf3 f5 13. exf6 Nxf6 14. Be3 Qa5 15. Nxf6+ gxf6 16. a3 Be7 17. Kf2 h5 18. b4 Qc7 19. c5 Bxf1 20. Rxf1 a5 21. Qd3 Kf7 22. Rfd1 axb4 23. axb4 Rxa1 24. Rxa1 f5 25. Rd1 Rd8 26. g3 d5 27. Qe2 Rh8 28. Bd4 Rh6 29. Ra1 h4 30. Qe5 hxg3+ 31. hxg3 Qxe5 32. Bxe5 Rh2+ 33. Ke3 Rc2 34. Ra7 Ke8 35. Ra8+ Kd7 36. Ra7+ Kd8 37. Bc7+ Ke8 38. Ba5 Rc3+ 39. Kd2 Rxg3 40. Rc7 Rg2+ 41. Ke3 Rg3+ 42. Kf2 Rc3 43. Rxc6 Rc4 44. Rxe6 Rxf4+ 45. Ke3 Re4+ 46. Rxe4 dxe4 47. c6 Bg5+ 48. Ke2 Ke7 49. Bc7 Ke6 50. Bb8 Be7 51. b5 Bc5 52. Bc7 Kd5 53. Bf4 Ke6 54. Bc7 Kd5 55. Kd2 Bb4+ 56. Ke3 1/2-1/2